[Event "Super Size French"]
[Site "SchemingMind.com"]
[Date "2005.10.06"]
[Round "-"]
[White "pcmvr"]
[Black "lumilinna"]
[Result "1-0"]
[WhiteCountry "NED"]
[BlackCountry "FIN"]
[WhiteElo "2141"]
[WhiteRD "78"]
[BlackElo "1746"]
[BlackRD "68"]
[GameID "26833"]

1. e4 e6 2. d4 d5 3. Nc3 Bb4 4. e5 c5 5. a3 Bxc3+ 6. bxc3 Ne7 7. Qg4 Qc7 8. Qxg7 Rg8 9. Qxh7 cxd4 10. Ne2 Nbc6
11. f4 Bd7 12. Qd3 dxc3 13. Qxc3 Nf5 14. Rb1 O-O-O 15. Rg1 d4 16. Qd3 Na5 17. g4 Ba4 18. gxf5 Bxc2 19. Qb5 Rxg1 20. Nxg1 Bxf5
21. Bd2 Bxb1 22. Qxa5 Qxa5 23. Bxa5 b6 24. Bb4 Be4 25. Ne2 Rd5 26. Kd2 Kd7 27. Ng3
1-0

[Event "Super Size French"]
[Site "SchemingMind.com"]
[Date "2005.10.06"]
[Round "-"]
[White "suruat"]
[Black "lumilinna"]
[Result "1/2-1/2"]
[WhiteCountry "INT"]
[BlackCountry "FIN"]
[WhiteElo "1791"]
[WhiteRD "81"]
[BlackElo "1746"]
[BlackRD "68"]
[GameID "26834"]

1. e4 e6 2. d4 d5 3. e5 c5 4. c3 Nc6 5. f4 Qb6 6. Nf3 Bd7 7. a3 cxd4 8. cxd4 Nh6 9. Nc3 a6 10. Na4 Qa7
11. b4 Nf5 12. Nc5 b6 13. Nxa6 Bc8 14. b5 Be7 15. Be2 O-O 16. O-O= Ncxd4 17. Nxd4 Nxd4 18. Qxd4= Bxa6 19. Qd3 Bb7 20. Bd1 Rac8
21. Bc2 g6 22. Bb2 Rc5 23. a4 d4 24. Rfd1 Qa8 25. Rd2 Rfc8 26. Bxd4 Rd8 27. Qe3 Qc8 28. Bb3 Rc1+ 29. Rxc1 Qxc1+ 30. Rd1 Qxe3+=
31. Bxe3 Rxd1+ 32. Bxd1=
1/2-1/2

[Event "Super Size French"]
[Site "SchemingMind.com"]
[Date "2005.10.06"]
[Round "-"]
[White "mikhailtal"]
[Black "lumilinna"]
[Result "1-0"]
[WhiteCountry "ENG"]
[BlackCountry "FIN"]
[WhiteElo "1825"]
[WhiteRD "66"]
[BlackElo "1784"]
[BlackRD "69"]
[GameID "26835"]

1. e4 e6 2. d4 d5 3. Nc3 Bb4 4. e5 c5 5. a3 Bxc3+ 6. bxc3 Ne7 7. Qg4 Qc7 8. Qxg7 Rg8 9. Qxh7 cxd4 10. Ne2 Nbc6
11. f4 Bd7 12. Qd3 dxc3 13. Qxc3 Nf5 14. Rb1 O-O-O 15. Rg1 d4 16. Qd3 a6 17. g4 Nfe7 18. Bd2 Na7 19. Nxd4 Kb8 20. Rg3 Bb5
21. Qc3 Qxc3 22. Bxc3 Bxf1 23. Kxf1 Nd5 24. Ne2 Rxg4 25. Rxg4 Ne3+ 26. Kg1 Nxg4 27. Nd4 Ne3 28. Kf2 Nd5 29. Ba5 Rc8 30. Kf3 Nc6
31. Nxc6+ Rxc6 32. Rb2 Rc8 33. Be1 f5 34. exf6 Nxf6 35. h4 Rc5 36. Bf2 Rc3+ 37. Ke2 Nd5 38. Rb3 Rxc2+ 39. Kf3 Rc4 40. Bg3 b5
41. h5 Kb7 42. h6 Rc8 43. Bh4 Rf8 44. Bg5 e5 45. Ke4 Nxf4 46. Kxe5 Ng6+ 47. Ke6 Kb6 48. Bd2 Kc5 49. Rg3 Nh8 50. Bb4+
1-0

[Event "Super Size French"]
[Site "SchemingMind.com"]
[Date "2005.10.06"]
[Round "-"]
[White "Gordon"]
[Black "lumilinna"]
[Result "1-0"]
[WhiteCountry "ENG"]
[BlackCountry "FIN"]
[WhiteElo "2193"]
[WhiteRD "62"]
[BlackElo "1719"]
[BlackRD "65"]
[GameID "26836"]

1. e4 e6 2. d4 d5 3. Nc3 Bb4 4. e5 c5 5. a3 Bxc3+ 6. bxc3 Ne7 7. Qg4 Qc7 8. Qxg7 Rg8 9. Qxh7 cxd4 10. Ne2 Bd7
11. cxd4 Ba4 12. c3 Nbc6 13. Qd3 a6 14. h4 Nf5 15. Bg5 Bb5 16. Qd2 Na5 17. g4 Ne7 18. Qc2 Nec6 19. Qh7 Ne7 20. Rh3
1-0

[Event "Super Size French"]
[Site "SchemingMind.com"]
[Date "2005.10.18"]
[Round "-"]
[White "capablanca"]
[Black "lumilinna"]
[Result "0-1"]
[WhiteCountry "GER"]
[BlackCountry "FIN"]
[WhiteElo "1616"]
[WhiteRD "61"]
[BlackElo "1746"]
[BlackRD "68"]
[GameID "26837"]

1. e4 e6 2. d4 d5 3. Nc3 Bb4 4. a3 Bxc3+ 5. bxc3 dxe4 6. Qg4 Nf6 7. Qxg7 Rg8 8. Qh6 Nbd7 9. g3 b6 10. Bg2 Bb7
11. Ne2 Qe7 12. Bg5 Ng4 13. Bxe7 Nxh6 14. Bh4 Nf5 15. O-O Nxh4 16. gxh4 O-O-O 17. Ng3 Rg4 18. Kh1 Rxh4 19. Rfe1 f5 20. Ne2 f4
21. Ng1 Nf6
0-1

[Event "Super Size French"]
[Site "SchemingMind.com"]
[Date "2005.10.06"]
[Round "-"]
[White "bernadjm"]
[Black "lumilinna"]
[Result "1-0"]
[WhiteCountry "ESP"]
[BlackCountry "FIN"]
[WhiteElo "2067"]
[WhiteRD "124"]
[BlackElo "1729"]
[BlackRD "69"]
[GameID "26838"]

1. e4 e6 2. d4 d5 3. e5 c5 4. c3 Nc6 5. Nf3 Qb6 6. a3 Bd7 7. b4 cxd4 8. cxd4 Rc8 9. Bb2 Na5 10. Nbd2 Nc4
11. Nxc4 dxc4 12. Rc1 a5 13. Nd2 axb4 14. Nxc4 Qd8 15. axb4 Bxb4+ 16. Bc3 Be7 17. Ba5
1-0

[Event "Super Size French"]
[Site "SchemingMind.com"]
[Date "2005.10.06"]
[Round "-"]
[White "lucyjugs"]
[Black "lumilinna"]
[Result "0-1"]
[WhiteCountry "GBR"]
[BlackCountry "FIN"]
[WhiteElo "1299"]
[WhiteRD "62"]
[BlackElo "1746"]
[BlackRD "68"]
[GameID "26839"]

1. e4 e6 2. d4 d5 3. e5 c5 4. Nf3 Nc6 5. c3 Qb6 6. Bd3 cxd4 7. cxd4 Bd7 8. O-O Nxd4 9. Nxd4 Qxd4 10. Re1 Ne7
11. Nc3 a6 12. Kh1 Qxf2 13. Rf1 Qb6 14. Qf3 O-O-O 15. Qxf7 Qd4 16. Be2 Qxe5 17. Bf4 Qf6 18. Be3 Qxf7
0-1